| 000 | 00552nam a2200205Ia 4500 | ||
|---|---|---|---|
| 008 | 170918s9999 xx 000 0 und d | ||
| 020 | _a439221129 | ||
| 050 | _bB167 2001 | ||
| 100 | _aBaker, Courtney | ||
| 245 | _aLet's read about Martin Luther King, Jr. / | ||
| 245 | _cCourtney Baker ; illustrated by Cornelius Van Wright. | ||
| 260 | _aNew York : | ||
| 260 | _bScholastic, | ||
| 260 | _c2001 | ||
| 300 | _aunpaged : | ||
| 300 | _bcolored illustration ; | ||
| 300 | _c23cm. | ||
| 440 | _aScholastic first biographies. | ||
| 500 | _a380 | ||
| 999 |
_c341453 _d341453 |
||